Marken erraten (extrem) - Statistiken

Allgemein
  • Dieses Quiz wurde 6.955 mal gespielt
  • Das Durchschnittsergebnis liegt bei 9 aus 16
Antwortstatistiken
Bildquiz Antwort % Korrekt
Wikipedia
97%
Volkswagen
96%
Android
93%
Zalando
89%
Allianz
87%
Steam
84%
WWF
67%
Rockstar Games
58%
Xiaomi
42%
Walmart
38%
McLaren
34%
Koenigsegg
32%
General Motors
20%
SpaceX
15%
UBS
9%
Metro Goldwyn Meyer
8%
Keine übereinstimmenden Quizze gefunden
Verteilung der Resultate
Anzahl Personen mit jedem Resultat
Perzentil nach korrekt beantworteten Fragen
Ihre Resultats-Entwicklung
Sie haben dieses Quiz noch nicht gespielt